000 00645nam a22002297a 4500
005 20170124110243.0
010 _a697483
020 _c00.00
035 _a697483
037 _bCen Lib/Ret
040 _aDPL
_bEN
082 _a291.46
_bGUP
100 _aGupte, R.S.
_996356
245 _aIconography of the hindus budhist and jains /
_bby R.S. Gupte
260 _aBombay
_bD.B. Taraporevala Sons
_c1972
270 _bBombay
_a210 Dr. Dadabhai Naoriji Road
_e1
300 _a201p.
_c26cm(Hb)
500 _aincludes index
650 _aHinduism
_996357
650 _aJainism
_996358
942 _2ddc
_cEN
_h291.46
_mGUP
999 _c135347
_d135347